00864nam a2200217 a 450000100100000000500170001000800410002702000150006804000250008308200130010810000390012124502040016025000140036426000350037830000280041349000190044170000320046083000260049295201110051899900170062900004247120201002040158.0131204s1986 ag a 000 0 spa d a950038678X aDO-SdBNPbspacBNPHU axxxbxxx1 aEinstein, Albertd1879-195593114313aLa física : Aventura del pensamiento :bel desarrollo de las ideas desde los primeros conceptos hasta la relatividad y los cuantos /cAlbert Einstein y Leopold Infeld ; traducción Leopold Infeld. a[4ª ed.] aBuenos Aires :bLosada,c1986. a254 p. :bil. ;c20 cm.1 aCiencia y vida12aInfeld, Leopoldetr.927360 0aCiencia y vida953475 001050718MOaGRbGRcCTd2013-12-04iLF1l0oxxx xxxp42471-10r2020-06-25w2020-06-25y1ZNo se presta c41960d41960